000
00310nam a2200109Ia 4500
008
221009s9999 xx 000 0 und d
082
_a
080
100
_a
शर्मा,रॉबिन
_9
78703
245
0
_a
5 AM क्लब
260
_b
जयको पब्लिशिंग हाउस
942
_c
BK
999
_c
65259
_d
65259